تاريخ حضارة وادي الرافدين في ضوء مشاريع الري الزراعية و المكتشفات الآثارية .... / (رقم التسجيلة. 73527)

تفاصيل مارك
000 -LEADER
fixed length control field 00648nam a22001937a 4500
005 - DATE AND TIME OF LATEST TRANSACTION
control field 20251108172224.0
008 - FIXED-LENGTH DATA ELEMENTS--GENERAL INFORMATION
fixed length control field 250721s1983 xx 000 0 ara d
082 14 - DEWEY DECIMAL CLASSIFICATION NUMBER
Classification number م/935/أحم
100 1# - MAIN ENTRY--PERSONAL NAME
Personal name سوسه، أحمد
245 10 - TITLE STATEMENT
Title تاريخ حضارة وادي الرافدين في ضوء مشاريع الري الزراعية و المكتشفات الآثارية .... /
264 1# - PRODUCTION, PUBLICATION, DISTRIBUTION, MANUFACTURE, AND COPYRIGHT NOTICE
Place of production, publication, distribution, manufacture بغداد :
Name of producer, publisher, distributor, manufacturer وزارة الري،
Date of production, publication, distribution, manufacture, or copyright notice 1983.
300 ## - PHYSICAL DESCRIPTION
Extent
650 17 - SUBJECT ADDED ENTRY--TOPICAL TERM
Topical term or geographic name as entry element بلاد ما بين النهرين
650 17 - SUBJECT ADDED ENTRY--TOPICAL TERM
Topical term or geographic name as entry element التاريخ القديم
650 17 - SUBJECT ADDED ENTRY--TOPICAL TERM
Topical term or geographic name as entry element الحضارة
650 17 - SUBJECT ADDED ENTRY--TOPICAL TERM
Topical term or geographic name as entry element العراق
942 ## - ADDED ENTRY ELEMENTS (KOHA)
Source of classification or shelving scheme Dewey Decimal Classification
Koha item type مراجع
المقتنيات
حالة السحب حالة الفقدان مصدر التصنيف حالة التلف غير قابل للإعارة المكتبة الرئيسية المكتبة الحالية موقع الرف تاريخ التزويد الرقم المتسلسل Total Checkouts رقم الإستدعاء الباركود تاريخ آخر ظهور تاريخ الفاتورة نوع المادة (كوها)
    Dewey Decimal Classification   Not For Loan مكتبة صويلح العامة مكتبة صويلح العامة مراجع 29/09/2019 002983   م/935/أحم PLD00469474 28/07/2025 29/09/2019 مراجع
    Dewey Decimal Classification   Not For Loan مكتبة صويلح العامة مكتبة صويلح العامة مراجع 29/09/2019 02984   م/935/أحم PLD00469475 28/07/2025 29/09/2019 مراجع
    Dewey Decimal Classification   Not For Loan مكتبة وادي السير العامة مكتبة وادي السير العامة مراجع 10/01/2016 [2838].   م/935/أحم PLD00368543 28/07/2025 10/01/2016 مراجع
    Dewey Decimal Classification   Not For Loan مكتبة وادي السير العامة مكتبة وادي السير العامة مراجع 10/01/2016 [2839].   م/935/أحم PLD00368544 28/07/2025 10/01/2016 مراجع
Implemented & Customized by: BBB with SCIT (Smart Chains for Information Technology)

Powered by Koha